00876nam a2200241 i 4500003000900000005001700009007000300026008004100029040003000070082002600100245003800126264003600164300004100200336002700241337003300268338002800301590002700329710004200356910001400398942001400412952019100426999001700617DO-SdBNP20230905140524.0ta110407s1981 dr o r 000 0 spa d aDO-SdBNPbspacBNPHUerda axxxxbL697a, 198122200aLibro del año 1981 :bBabeque / 1aSanto Domingo :bTaller,c1981. a98 páginasbfotografías c27 cm. 2rdacontentatextobtxt 2rdamediaasin mediaciónbn 2rdacarrieravolumenbnc aInventariado, 2023/ YL2 aBabeque (Republica Dominicana)955170 aYLockward 2ddccLBS1 00102ddc51708PDaBNPHUbBNPHUcCTd2014-12-01eBarbara Suncarl0oxxxx L697a, 1981p2023-5648r2023-09-05w2023-09-05yLBS1zPerteneció a la biblioteca personal de Bárbara Suncar c54622d54622